000
00313nam a22001457a 4500
008
211019b ||||| |||| 00| 0 eng d
020
_a
039532601-X
041
_a
eng
080
_2
3rd
_a
311
082
_a
311
100
_a
54
101
_a
STA
245
_a
Business Statistics
_c
Daniel,W.W
942
_2
udc
_c
BK
999
_c
58263
_d
58263